| Tag |
First Indicator |
Second Indicator |
Subfields |
| LEADER |
00000cam a2200000 4500 |
| 001 |
in00000063773 |
| 005 |
20151008050650.0 |
| 008 |
780912s1952 nyua 00010 eng |
| 010 |
|
|
|a 52003287
|
| 035 |
|
|
|a (OCoLC)04217178
|
| 035 |
|
|
|9 AAG2492AM
|
| 040 |
|
|
|a DLC
|c KSU
|d TXA
|d UtOrBLW
|
| 049 |
|
|
|a TXAM
|c [369086]
|
| 050 |
|
0 |
|a HD9564
|b .C65
|
| 082 |
0 |
|
|a 338.2728
|
| 092 |
|
|
|a 338.2728
|b C786c
|
| 100 |
1 |
|
|a Coqueron, Frederick G.
|
| 245 |
1 |
0 |
|a Capital formation in the petroleum industry ;
|b a paper by Frederick G. Coqueron and Joseph E. Pogue, presented at the annual meeting of the Petroleum Branch, American Institute of Mining and Metallurgical Engineers, New York, N.Y., February 19, 1952.
|
| 264 |
|
1 |
|a [New York] :
|b [Chase National Bank of the City of New York],
|c [1952]
|
| 300 |
|
|
|a 39 pages :
|b illustrations ;
|c 24 cm.
|
| 336 |
|
|
|a text
|b txt
|2 rdacontent
|
| 337 |
|
|
|a unmediated
|b n
|2 rdamedia
|
| 338 |
|
|
|a volume
|b nc
|2 rdacarrier
|
| 650 |
|
0 |
|a Petroleum industry and trade
|z United States.
|
| 999 |
|
|
|a MARS
|
| 999 |
f |
f |
|s ee2264dc-b2e8-318a-a9c7-d3bdb2eb0510
|i d348efaa-3472-3847-a117-2acc5f6c7b2e
|t 0
|
| 952 |
f |
f |
|p ric
|a Texas A&M University
|b Rellis Campus
|c Joint Library Facility
|d Remote Storage
|t 0
|e HD9564 .C65
|h Library of Congress classification
|i unmediated -- volume
|m A14800762641
|
| 998 |
f |
f |
|a HD9564 .C65
|t 0
|l Remote Storage
|